[Event "Charlesbourg Khalif"]
[Site "Charlesbourg"]
[Date "2015.04.13"]
[Round "3"]
[White "Richard, Christian"]
[Black "Bahadi, Khalid"]
[Result "1-0"]
[WhiteElo "1815"]
[BlackElo "1952"]
[PlyCount "49"]
[EventDate "2015.03.30"]
[EventType "swiss"]
[EventRounds "5"]
[EventCountry "CAN"]
[SourceTitle "EXT 2022"]
[Source "ChessBase"]
[SourceDate "2021.10.06"]
[SourceVersion "1"]
[SourceVersionDate "2021.10.06"]
[SourceQuality "1"]

1. e4 e5 2. Nf3 Nc6 3. d4 exd4 4. Nxd4 Bc5 5. Nxc6 bxc6 6. Nc3 Nf6 7. Bc4 0-0 8. 0-0 Re8 9. Bg5 h6 10. Bh4 g5 11. Bg3 Nxe4 12. Nxe4 Rxe4 13. Bd3 Re8 14. Qh5 Kg7 15. Kh1 d6 16. f4 g4 17. Bh4 Qd7 18. f5 Be3 19. Qxg4+ Kf8 20. Bf6 Bg5 21. Bxg5 hxg5 22. Qxg5 Re5 23. Rae1 Rb8 24. Qf6 Rbb5 25. Qh8+ 1-0

[Event "Ste Foy CC-ch"]
[Site "Ste Foy"]
[Date "2014.05.24"]
[Round "2"]
[White "Laflamme, Simon"]
[Black "Bahadi, Khalid"]
[Result "1-0"]
[WhiteElo "1966"]
[BlackElo "1977"]
[PlyCount "76"]
[EventDate "2014.05.17"]
[EventType "tourn"]
[EventRounds "5"]
[EventCountry "CAN"]
[SourceTitle "EXT 2022"]
[Source "ChessBase"]
[SourceDate "2021.10.06"]
[SourceVersion "1"]
[SourceVersionDate "2021.10.06"]
[SourceQuality "1"]

1. Nf3 d5 2. c4 c6 3. e3 Nf6 4. Nc3 e6 5. Qc2 Nbd7 6. b3 Bd6 7. Bb2 e5 8. cxd5 cxd5 9. Nb5 Bb8 10. Rc1 0-0 11. Nc7 Bxc7 12. Qxc7 Qxc7 13. Rxc7 Ne8 14. Rc1 f6 15. Bb5 a6 16. Rxc8 Rxc8 17. Bxd7 Rc2 18. Ba3 Rxa2 19. Bxf8 Ra1+ 20. Ke2 Rxh1 21. Bc5 Kf7 22. Ne1 a5 23. h3 g5 24. Bc8 b5 25. Bd7 a4 26. bxa4 bxa4 27. Bxa4 Ke6 28. Bxe8 f5 29. Bh5 e4 30. Bb4 d4 31. exd4 Kd5 32. Bc3 f4 33. d3 f3+ 34. gxf3 exd3+ 35. Nxd3 Rxh3 36. Bf7+ Kc6 37. d5+ Kb7 38. d6 Kc6 1-0

[Event "Ste Foy Samedi 04"]
[Site "Ste Foy"]
[Date "2014.04.05"]
[Round "1"]
[White "Gaudreau, Eric"]
[Black "Bahadi, Khalid"]
[Result "1/2-1/2"]
[WhiteElo "1710"]
[BlackElo "2079"]
[PlyCount "139"]
[EventDate "2014.04.05"]
[EventType "swiss"]
[EventRounds "5"]
[EventCountry "CAN"]
[SourceTitle "EXT 2022"]
[Source "ChessBase"]
[SourceDate "2021.10.06"]
[SourceVersion "1"]
[SourceVersionDate "2021.10.06"]
[SourceQuality "1"]

1. Nf3 d5 2. g3 f5 3. Bg2 Nf6 4. b3 e6 5. Bb2 Nc6 6. 0-0 Bc5 7. d4 Bb6 8. c4 a5 9. e3 0-0 10. Nc3 Ne4 11. cxd5 exd5 12. Na4 Ba7 13. Rc1 Qe8 14. Ba3 Rf6 15. Bc5 b6 16. Ba3 Rh6 17. Nc3 Qf7 18. Re1 Bd7 19. Bf1 Nxc3 20. Rxc3 Re8 21. Qd2 Bb8 22. Bg2 Rh5 23. Rec1 Re6 24. Bb2 Nb4 25. Ba1 c6 26. a3 Na6 27. R3c2 g5 28. Ne5 Bxe5 29. dxe5 Nc5 30. Qc3 Ne4 31. Qd4 Nc5 32. Rxc5 bxc5 33. Rxc5 f4 34. Rxa5 f3 35. Ra8+ Kg7 36. Bf1 Qe7 37. Ra7 Kf8 38. Ra8+ Be8 39. e4 dxe4 40. Ra7 c5 41. Rxe7 cxd4 42. Rxe6 d3 43. Rd6 g4 44. a4 Rf5 45. Bc3 Rf7 46. Rf6 Rxf6 47. exf6 Kf7 48. Bxd3 exd3 49. Kf1 Bc6 50. Ke1 Bd5 51. b4 Bc4 52. Kd2 Ke6 53. Ke3 h5 54. Kd4 Bb3 55. a5 Kxf6 56. a6 Ke6 57. Kc5 Bd5 58. b5 Be4 59. b6 Kd7 60. Kd4 Bc6 61. a7 Kc8 62. Kxd3 Kb7 63. Bd4 Bd5 64. Ke3 Ka8 65. Kf4 Bc6 66. Kg5 Be8 67. Kh6 Kb7 68. Kg7 Ka8 69. Kf8 Bc6 70. Ke7 1/2-1/2